Detalles MARC
| 000 -LEADER |
| fixed length control field |
03257nam a2200469Ii 4500 |
| 001 - CONTROL NUMBER |
| control field |
DIGRBN0088 |
| 003 - CONTROL NUMBER IDENTIFIER |
| control field |
NyNyDIG |
| 008 - FIXED-LENGTH DATA ELEMENTS--GENERAL INFORMATION |
| fixed length control field |
150526t20142014sp ob 001 0 spa d |
| 006 - FIXED-LENGTH DATA ELEMENTS--ADDITIONAL MATERIAL CHARACTERISTICS |
| fixed length control field |
m o d |
| 007 - PHYSICAL DESCRIPTION FIXED FIELD--GENERAL INFORMATION |
| fixed length control field |
cr ||||||||||| |
| 040 ## - CATALOGING SOURCE |
| Original cataloging agency |
DGITA |
| Language of cataloging |
eng |
| Description conventions |
rda |
| -- |
pn |
| Transcribing agency |
DGITA |
| 020 ## - INTERNATIONAL STANDARD BOOK NUMBER |
| International Standard Book Number |
9788416170197 |
| Qualifying information |
(eBook ; |
| -- |
epdf) |
| 020 ## - INTERNATIONAL STANDARD BOOK NUMBER |
| Canceled/invalid ISBN |
8416170185 |
| 020 ## - INTERNATIONAL STANDARD BOOK NUMBER |
| Canceled/invalid ISBN |
9788416170180 |
| 041 0# - LANGUAGE CODE |
| Language code of text/sound track or separate title |
spa |
| -- |
por |
| -- |
ita |
| 043 ## - GEOGRAPHIC AREA CODE |
| Geographic area code |
es----- |
| -- |
cl----- |
| 050 14 - LIBRARY OF CONGRESS CALL NUMBER |
| Classification number |
D974 eBook |
| 245 00 - TITLE STATEMENT |
| Title |
Europa del sur y América Latina : |
| Remainder of title |
perspectivas historiográficas / |
| Statement of responsibility, etc. |
Manuel Suárez Cortina (editor). |
| 250 ## - EDITION STATEMENT |
| Edition statement |
Edición digital. |
| 264 #1 - PRODUCTION, PUBLICATION, DISTRIBUTION, MANUFACTURE, AND COPYRIGHT NOTICE |
| Place of production, publication, distribution, manufacture |
Madrid : |
| Name of producer, publisher, distributor, manufacturer |
Biblioteca Nueva, |
| Date of production, publication, distribution, manufacture, or copyright notice |
[2014] |
| 264 #4 - PRODUCTION, PUBLICATION, DISTRIBUTION, MANUFACTURE, AND COPYRIGHT NOTICE |
| Date of production, publication, distribution, manufacture, or copyright notice |
©2014 |
| 300 ## - PHYSICAL DESCRIPTION |
| Extent |
1 online resource (430 pages) |
| 336 ## - CONTENT TYPE |
| Content type term |
text |
| Content type code |
txt |
| Source |
rdacontent |
| 337 ## - MEDIA TYPE |
| Media type term |
computer |
| Media type code |
c |
| Source |
rdamedia |
| 338 ## - CARRIER TYPE |
| Carrier type term |
online resource |
| Carrier type code |
cr |
| Source |
rdacarrier |
| 490 1# - SERIES STATEMENT |
| Series statement |
Colección Historia Biblioteca Nueva |
| 504 ## - BIBLIOGRAPHY, ETC. NOTE |
| Bibliography, etc. note |
Includes bibliographical references (pages 369-414) and index. |
| 505 0# - FORMATTED CONTENTS NOTE |
| Formatted contents note |
Europa del Sur y América Latina. Perspectivas historiográficas. Una introducción / Manuel Suárez Cortina -- Historia, historiografía, historicidad. Conciencia histórica y cambio conceptual / Javier Fernández Sebastián -- De la historia social a la historia conceptual y cultural de lo social / Guillermo Zermeño Padilla -- "El tiempo de las palabras". Recepción y desarrollos de la historia de los conceptos en España / Gonzalo Capellán -- La historia social en Chile. Rupturas epistémicas y temas de investigación (1980-2010) / Igor Goicovic Donoso -- Anotaciones acerca de la historia social y la historia del movimiento obrero en España / ÁNgeles Barrio Alonso -- Storia sociale e movimiento operario, un difficile binomio. Il caso italiano / Enricco Acciai -- A historiografia e a história das mulheres e do gênero / Ana María Collino -- La historia política en la historiografía mexicana reciente / Marco Antonio Landavazo -- O patriotismo liberal português e a independência do Brasil / Fernando Catroga -- Radicalismo, cultura popolare e repubblicanesimo nella storigrafía italiana / Maurizio Ridolpi -- El republicanismo español en la historiografia. Realidades y propuestas de futuro / Manuel Suárez Cortina -- La modernización de la historiografía económica en la Argentina / Marcelo Rougier -- Viejas y nuevas cuestiones. Un paseo por los modelos interpretativos del desarrollo económico español / Andrés Hoyo Aparicio. |
| 546 ## - LANGUAGE NOTE |
| Language note |
In Spanish, Italian and Portuguese. |
| 588 0# - SOURCE OF DESCRIPTION NOTE |
| Source of description note |
Online resource; title from PDF title page (Digitalia, viewed May 26, 2015) |
| 651 #0 - SUBJECT ADDED ENTRY--GEOGRAPHIC NAME |
| Geographic name |
Europe, Southern |
| General subdivision |
Historiography. |
| 651 #0 - SUBJECT ADDED ENTRY--GEOGRAPHIC NAME |
| Geographic name |
Latin America |
| General subdivision |
Historiography. |
| 655 #0 - INDEX TERM--GENRE/FORM |
| Genre/form data or focus term |
Electronic books. |
| 700 1# - ADDED ENTRY--PERSONAL NAME |
| Personal name |
Suárez Cortina, Manuel, |
| Relator term |
editor. |
| 776 08 - ADDITIONAL PHYSICAL FORM ENTRY |
| Relationship information |
Print version: |
| Title |
Europa del sur y América Latina : perspectivas historiográficas. |
| Place, publisher, and date of publication |
Madrid : Biblioteca Nueva, [2014] |
| International Standard Book Number |
9788416170180 |
| Record control number |
(OCoLC)904942633. |
| 791 2# - |
| -- |
Digitalia (Firm), |
| -- |
distributor. |
| 793 0# - |
| -- |
Digitalia eBook Collection: |
| -- |
Biblioteca Nueva |
| 830 #0 - SERIES ADDED ENTRY--UNIFORM TITLE |
| Uniform title |
Colección Historia Biblioteca Nueva. |
| 856 40 - ELECTRONIC LOCATION AND ACCESS |
| Materials specified |
Digitalia Hispánica |
| Uniform Resource Identifier |
<a href="https://www.digitaliapublishing.com/a/35475">https://www.digitaliapublishing.com/a/35475</a> |
| 910 ## - USER-OPTION DATA (OCLC) |
| User-option data |
Premium Collection: 2015 |
| 942 ## - ADDED ENTRY ELEMENTS (KOHA) |
| Koha item type |
Recurso Electrónico |